| 000 | 00335nam a22001337a 4500 | ||
|---|---|---|---|
| 020 | _a9780785832768 | ||
| 040 | _cNUST | ||
| 082 | _a750.28 | ||
| 100 |
_aCraig, Diana _996728 |
||
| 245 | _aThe Complete Painting Course | ||
| 260 |
_aUSA: _bChart Well Books, _c2015. |
||
| 650 |
_aThe Complete Painting Course _996729 |
||
| 942 |
_2ddc _cBK |
||
| 999 |
_c590849 _d590849 |
||